00965cam a22003017a 450000500170000000800410001701000100005801100100006803500100007808200220008810000320011024500350014225000090017726000350018630000110022149000210023259000410025359000410029459000410033559000420037665000330041865000670045165000310051883000280054990100070057794900620058499900170064620220329141215.0971010s1967 r 00010 d a64382 a65354 a72011 a634.9285bA8 196700aAvery, Thomas Eugene.98586 0aNatural resources measurements a2 ed aNew York :bMcGraw-Hill,c1967 a339 p. 0aForest resources aBATCH-UPDb10c20130110lUCH01h0759 aBATCH-UPDb10c20130410lUCH01h0438 aBATCH-UPDb10c20130914lUCH01h0717 aCONVERSIONb10c20130109lUCH01h133514aBosquesxInventarios.91424014aCoeficientes de distribución de productos forestales.92432014aRecursos naturales.9951720 aForest resources942336 aBK a634.9285 A8 1967bZAcLIBROd-4693eLIBROh4680i72011si c64382d64382